A second seasonable speech made by an honourable member of the House of Commons : demonstrating the necessity of the Kings restauration by this present Parliament.

Bibliographic Details
Main Author: Honourable member of the House of Commons
Format: eBook
Language:English
Published: London : [publisher not identified], 1660.
Series:Early English books online.
Subjects:
Online Access:Connect to the full text of this electronic book

MARC

Tag First Indicator Second Indicator Subfields
LEADER 00000nam a2200000Ia 4500
001 in00004177321
005 20200810072553.0
006 m g d
007 cr bn |||a|bb|
008 850617s1660 enk o 00| | eng d
035 |a (OCoLC)12166051 
040 |a EAA  |c EAA  |d m/c  |d WaOLN 
037 |a CL0037000025  |b ProQuest Information and Learning. 300 N. Zeeb Rd., Ann Arbor, MI 48106 
043 |a e-uk--- 
049 |a UMIA 
100 0 |a Honourable member of the House of Commons. 
245 1 2 |a A second seasonable speech made by an honourable member of the House of Commons :  |b demonstrating the necessity of the Kings restauration by this present Parliament. 
260 |a London :  |b [publisher not identified],  |c 1660. 
300 |a 1 online resource (6 pages) 
336 |a text  |b txt  |2 rdacontent 
337 |a computer  |b c  |2 rdamedia 
338 |a online resource  |b cr  |2 rdacarrier 
500 |a Reproduction of original in Huntington Library. 
510 4 |a Wing  |c S2334 
533 |a Electronic reproduction.  |b Ann Arbor, Mich. :  |c UMI,  |d 1999-  |f (Early English books online)  |n Digital version of: (Early English books, 1641-1700 ; 823:2)  |7 s1999 miun s 
600 0 0 |a Charles  |b II,  |c King of England,  |d 1630-1685. 
651 0 |a Great Britain  |x History  |y Restoration, 1660-1688. 
830 0 |a Early English books online. 
856 4 0 |u http://proxy.library.tamu.edu/login?url=https://search.proquest.com/docview/2240961198  |z Connect to the full text of this electronic book  |t 0 
999 f f |s b4d2f576-d1e5-3a59-ad16-88527a1da235  |i f5aa804f-d8ae-3631-acde-38ce09a89df2  |t 0 
952 f f |a Texas A&M University  |b College Station  |c Electronic Resources  |d Available Online  |t 0  |h No information provided 
998 f f |t 0  |l Available Online